Normal view
MARC view
Entry Personal Name
001 - CONTROL NUMBER
- control field: 12661
003 - CONTROL NUMBER IDENTIFIER
- control field: ARRUPE
005 - DATE AND TIME OF LATEST TRANSACTION
- control field: 20141114124254.0
008 - FIXED-LENGTH DATA ELEMENTS
- fixed length control field: 141114|| aca||aabn | a|a d
040 ## - CATALOGING SOURCE
- Original cataloging agency: ARRUPE
- Transcribing agency: ARRUPE
100 ## - HEADING--PERSONAL NAME
- Personal name: Laing, R. D.
- Fuller form of name: (Ronald David),
- Dates associated with a name: 1927-1989.
670 ## - SOURCE DATA FOUND
- Source citation: Work cat.: (ARRUPE)0: Laing, R. D. (Ronald David), 1927-1989., The politics of the family, and other essays /, 1976.